| 000 | 00367nam a2200133Ia 4500 | ||
|---|---|---|---|
| 008 | 230917s9999||||xx |||||||||||||| ||und|| | ||
| 040 |
_e107441 _aMAIN |
||
| 041 | _aEnglish | ||
| 082 | _a616.89 S6E | ||
| 100 | _aSingh, Dharmendera | ||
| 245 | 0 | _aExploratory study at predictors of revolving door phenomenon in Schizophrenic patients | |
| 300 | _a68 p. | ||
| 942 | _cTH | ||
| 999 |
_c89223 _d89223 |
||